[Event "FIDE Open World Blitz 2021"]
[Site "Warsaw"]
[Date "2021.12.30"]
[Round "16.49"]
[White "Gareyev, Timur"]
[Black "Jumabayev, Rinat"]
[Result "1/2-1/2"]
[WhiteElo "2583"]
[BlackElo "2658"]
[Annotator "ChessBase"]
[PlyCount "95"]
[EventDate "2021.12.29"]
[EventType "swiss"]
[EventCountry "POL"]
[Tiebreak "Cut1 Buchholz"]
[SourceTitle "playchess.com"]
[Source "ChessBase"]
[SourceQuality "1"]

1. c4 e6 2. Nf3 d5 3. g3 d4 4. Bg2 c5 5. e3 Nc6 6. O-O Nf6 7. exd4 cxd4 8. Re1
Bd6 9. d3 O-O 10. Bg5 h6 11. Bxf6 Qxf6 12. Na3 Rd8 13. Nc2 a5 14. Nd2 Qe7 15.
Ne4 Bd7 16. Nxd6 Qxd6 17. Na3 Rac8 18. Nb5 Qc5 19. a3 Be8 20. Rb1 b6 21. b3 Qe7
22. Qh5 Nb8 23. b4 Nc6 24. bxa5 Nxa5 25. a4 Nb7 26. Bxb7 Qxb7 27. Qg4 Qa6 28.
Rb4 Bc6 29. Reb1 Ba8 30. Qe2 Qb7 31. f3 Rc5 32. Na3 Rf5 33. Rxb6 Qa7 34. f4
Qxa4 35. Rb8 Rxb8 36. Rxb8+ Kh7 37. Nc2 Qc6 38. Kf2 Ra5 39. Nxd4 Qc5 40. Qe5
Qa7 41. Qd6 Ra2+ 42. Ke3 Qa3 43. Qxa3 Rxa3 44. Nb5 Ra2 45. Kd4 Bh1 46. Nd6 Kg6
47. h4 Rg2 48. h5+ 1/2-1/2

[Event "FIDE Open World Blitz 2021"]
[Site "Warsaw"]
[Date "2021.12.30"]
[Round "16.50"]
[White "Chigaev, Maksim"]
[Black "Vakhidov, Jakhongir"]
[Result "0-1"]
[WhiteElo "2626"]
[BlackElo "2557"]
[Annotator "ChessBase"]
[PlyCount "76"]
[EventDate "2021.12.29"]
[EventType "swiss"]
[EventCountry "POL"]
[Tiebreak "Cut1 Buchholz"]
[SourceTitle "playchess.com"]
[Source "ChessBase"]
[SourceQuality "1"]

1. d4 Nf6 2. Bg5 c5 3. d5 Qb6 4. Nc3 Qxb2 5. Bd2 Qb6 6. e4 g6 7. f4 d6 8. e5
Nfd7 9. Nf3 Bg7 10. Rb1 Qd8 11. e6 fxe6 12. Ng5 Nf6 13. Bb5+ Kf8 14. dxe6 Qc7
15. O-O c4 16. Qe2 d5 17. f5 a6 18. fxg6 hxg6 19. Bf4 Qc5+ 20. Kh1 axb5 21.
Rxb5 Qd4 22. Rbb1 Qc5 23. Rb5 Qc6 24. a4 Kg8 25. Be5 Bxe6 26. Bxf6 Bxf6 27.
Nxe6 Qd6 28. h3 Bxc3 29. Qg4 Rh6 30. Rxb7 Nd7 31. Nf4 Nf8 32. Rb5 e6 33. Qg5
Bg7 34. Rb7 Qe5 35. Qe7 Rh7 36. Qf7+ Kh8 37. Re7 Qf6 38. Nxg6+ Qxg6 0-1

[Event "FIDE Open World Blitz 2021"]
[Site "Warsaw"]
[Date "2021.12.30"]
[Round "16.51"]
[White "Ghaem Maghami, Ehsan"]
[Black "Dvirnyy, Danyyil"]
[Result "1-0"]
[WhiteElo "2520"]
[BlackElo "2493"]
[Annotator "ChessBase"]
[PlyCount "89"]
[EventDate "2021.12.29"]
[EventType "swiss"]
[EventCountry "POL"]
[Tiebreak "Cut1 Buchholz"]
[SourceTitle "playchess.com"]
[Source "ChessBase"]
[SourceQuality "1"]

1. e4 c6 2. d4 d5 3. exd5 cxd5 4. c4 Nf6 5. Nc3 g6 6. Qb3 Bg7 7. cxd5 O-O 8.
Be2 Nbd7 9. Bf3 Nb6 10. a4 e6 11. dxe6 Bxe6 12. Qd1 Bc4 13. Nge2 Nbd5 14. O-O
Nxc3 15. bxc3 Re8 16. Re1 Nd5 17. Bd2 Qc7 18. Ng3 h5 19. h3 b6 20. Qc1 Rac8 21.
Qb2 h4 22. Ne4 Bd3 23. Rac1 Nf4 24. c4 Bxe4 25. Bxe4 Rcd8 26. Qc2 Bxd4 27. Rf1
Ne2+ 28. Kh1 Nxc1 29. Bxc1 Bg7 30. Be3 Bd4 31. Bg5 Rc8 32. Bd5 Qd6 33. Qd3 Bc5
34. Qf3 Rc7 35. Bxh4 Bd4 36. Rd1 Qe5 37. Bg3 Kg7 38. Bxe5+ Bxe5 39. g3 Rce7 40.
Re1 f5 41. Kg2 a5 42. Qb3 Bd4 43. Rxe7+ Rxe7 44. Qd3 Be5 45. Qe3 1-0

[Event "FIDE Open World Blitz 2021"]
[Site "Warsaw"]
[Date "2021.12.30"]
[Round "16.52"]
[White "Shevchenko, Kirill"]
[Black "Yuffa, Daniil"]
[Result "1-0"]
[WhiteElo "2647"]
[BlackElo "2567"]
[Annotator "ChessBase"]
[PlyCount "81"]
[EventDate "2021.12.29"]
[EventType "swiss"]
[EventCountry "POL"]
[Tiebreak "Cut1 Buchholz"]
[SourceTitle "playchess.com"]
[Source "ChessBase"]
[SourceQuality "1"]

1. e4 Nf6 2. d3 d5 3. e5 Nfd7 4. d4 c5 5. c3 Nc6 6. Be3 cxd4 7. cxd4 Nb6 8. Nc3
Bf5 9. h4 h6 10. Bd3 Bxd3 11. Qxd3 e6 12. Nge2 Be7 13. Nf4 g6 14. g3 Qd7 15.
Rc1 O-O-O 16. Qe2 Kb8 17. Nd3 Nc4 18. O-O h5 19. b3 Nxe3 20. Qxe3 Rdg8 21. f4
Rc8 22. Na4 Nb4 23. Ndc5 Bxc5 24. Nxc5 Qe7 25. Qd2 Nc6 26. b4 b6 27. b5 Na5 28.
Nd3 Rc4 29. Rxc4 dxc4 30. Nb4 Qd7 31. d5 exd5 32. Rd1 Rd8 33. a4 Qg4 34. Kg2 d4
35. Qe1 Qf5 36. Qe2 c3 37. Qf3 Nb7 38. Nc6+ Kc7 39. Nxd8 Kxd8 40. Rxd4+ Kc7 41.
Qc6+ 1-0

[Event "FIDE Open World Blitz 2021"]
[Site "Warsaw"]
[Date "2021.12.30"]
[Round "17.1"]
[White "Carlsen, Magnus"]
[Black "Mastrovasilis, Dimitrios"]
[Result "1-0"]
[WhiteElo "2855"]
[BlackElo "2577"]
[Annotator "TA"]
[PlyCount "45"]
[EventDate "2021.12.29"]
[EventType "swiss"]
[EventCountry "POL"]
[Tiebreak "Cut1 Buchholz"]
[SourceTitle "playchess.com"]
[Source "ChessBase"]
[SourceQuality "1"]

1. e4 c5 2. Nc3 Nc6 3. Nf3 e6 4. d4 cxd4 5. Nxd4 a6 6. g4 Nxd4 7. Qxd4 b5 8.
Be3 Bb7 9. O-O-O Rc8 10. f3 Bc5 11. Qd2 Bxe3 12. Qxe3 Ne7 13. Qd4 f6 14. Be2
Qc7 15. Kb1 Ng6 16. a4 Bc6 17. axb5 axb5 18. Qb4 Qe5 19. Nxb5 Rb8 20. Nd6+ Ke7
21. Bb5 Bxb5 22. Nc4+ d6 23. Nxe5 1-0

[Event "FIDE Open World Blitz 2021"]
[Site "Warsaw"]
[Date "2021.12.30"]
[Round "17.1"]
[White "Demidov, Mikhail"]
[Black "Zilka, Stepan"]
[Result "1/2-1/2"]
[WhiteElo "2592"]
[BlackElo "2593"]
[Annotator "ChessBase"]
[PlyCount "78"]
[EventDate "2021.12.29"]
[EventType "swiss"]
[EventCountry "POL"]
[Tiebreak "Cut1 Buchholz"]
[SourceTitle "playchess.com"]
[Source "ChessBase"]
[SourceQuality "1"]

1. Nf3 d5 2. d4 Nf6 3. Bf4 c5 4. dxc5 e6 5. e3 Bxc5 6. Be2 O-O 7. O-O Nc6 8. c4
Qe7 9. Nc3 Rd8 10. cxd5 exd5 11. Nb5 Bg4 12. h3 Bh5 13. Rc1 Rac8 14. a3 h6 15.
Re1 Ne4 16. Nd2 Bxe2 17. Qxe2 Nxd2 18. Qxd2 a6 19. Nd4 Bxd4 20. exd4 Qf6 21.
Be3 Re8 22. Rc5 Rcd8 23. Rcc1 Re4 24. f3 Re6 25. Bf2 Rde8 26. Rxe6 Rxe6 27. Qd3
Re8 28. Rd1 Qe6 29. Re1 Qd7 30. Rd1 Na5 31. b3 Qb5 32. Qxb5 axb5 33. Rb1 Re2
34. a4 b4 35. Be1 Nxb3 36. Rxb3 Rxe1+ 37. Kf2 Ra1 38. Rxb4 Ra3 39. g4 g5
1/2-1/2

[Event "FIDE Open World Blitz 2021"]
[Site "Warsaw"]
[Date "2021.12.30"]
[Round "17.2"]
[White "Vachier-Lagrave, Maxime"]
[Black "Aronian, Levon"]
[Result "1-0"]
[WhiteElo "2766"]
[BlackElo "2782"]
[Annotator "TA"]
[PlyCount "133"]
[EventDate "2021.12.29"]
[EventType "swiss"]
[EventCountry "POL"]
[Tiebreak "Cut1 Buchholz"]
[SourceTitle "playchess.com"]
[Source "ChessBase"]
[SourceQuality "1"]

1. e4 e5 2. Nf3 Nc6 3. Bb5 a6 4. Ba4 Nf6 5. O-O b5 6. Bb3 Bc5 7. a4 Rb8 8. c3
d6 9. d4 Bb6 10. a5 Ba7 11. Be3 O-O 12. h3 Re8 13. dxe5 Bxe3 14. exf6 Bf4 15.
Qd5 Ne5 16. Nxe5 Be6 17. Nxf7 Qxf6 18. Qd1 Qxf7 19. Bxe6 Rxe6 20. Nd2 Rbe8 21.
Re1 h6 22. Nf3 Rxe4 23. Rxe4 Rxe4 24. g3 Bg5 25. Qd3 Qc4 26. Qxc4+ bxc4 27. h4
Bf6 28. Nd2 Rg4 29. Kg2 d5 30. Re1 Kf7 31. f3 Rg6 32. h5 Rg5 33. f4 Rxh5 34. g4
Rh4 35. Kg3 h5 36. g5 Rg4+ 37. Kf3 Be7 38. Rh1 Bd6 39. Rxh5 Rxf4+ 40. Ke3 Rf5
41. Nf3 Bc5+ 42. Ke2 Kg8 43. Rh1 Rf7 44. g6 Re7+ 45. Kd2 Re6 46. Rh5 c6 47. Ne5
Be7 48. Rf5 Bd8 49. Nd7 Be7 50. Nb8 Rxg6 51. Nxa6 Bd6 52. Nb4 Bxb4 53. cxb4 Rg1
54. Rf3 Ra1 55. Ra3 Rf1 56. a6 Rf8 57. a7 Ra8 58. Kc3 Kf7 59. Kd4 g5 60. Kc5 g4
61. Kxc6 g3 62. Rxg3 Rxa7 63. Kxd5 Ra2 64. Kxc4 Rxb2 65. Re3 Rc2+ 66. Kb5 Rc8
67. Ka6 1-0

[Event "FIDE Open World Blitz 2021"]
[Site "Warsaw"]
[Date "2021.12.30"]
[Round "17.2"]
[White "Gajewski, Grzegorz"]
[Black "Narayanan.S.L"]
[Result "1-0"]
[WhiteElo "2589"]
[BlackElo "2570"]
[Annotator "ChessBase"]
[PlyCount "98"]
[EventDate "2021.12.29"]
[EventType "swiss"]
[EventCountry "POL"]
[Tiebreak "Cut1 Buchholz"]
[SourceTitle "playchess.com"]
[Source "ChessBase"]
[SourceQuality "1"]

1. Nf3 Nf6 2. c4 c5 3. Nc3 Nc6 4. e3 e5 5. Be2 d5 6. cxd5 Nxd5 7. Qc2 Be7 8. b3
Be6 9. Bb2 Qd7 10. Ne4 Ndb4 11. Qb1 f5 12. Ng3 e4 13. Ne5 Nxe5 14. Bxe5 O-O 15.
Qb2 Bf6 16. Bxf6 Rxf6 17. Nh5 Rh6 18. Nf4 Bf7 19. O-O Rd6 20. Rad1 Rd8 21. a3
Nc6 22. Qc3 b6 23. b4 cxb4 24. axb4 Ne7 25. h4 Nd5 26. Nxd5 Rxd5 27. Bc4 Rxd2
28. Bxf7+ Kxf7 29. Rxd2 Qxd2 30. Qe5 Qd5 31. Qf4 Rc8 32. g4 g6 33. Ra1 Qd7 34.
gxf5 gxf5 35. Kh2 Rg8 36. b5 Rg4 37. Rxa7 Rxf4 38. Rxd7+ Ke6 39. Rxh7 Rxf2+ 40.
Kg1 Rf3 41. Rb7 Rxe3 42. Rxb6+ Ke5 43. h5 f4 44. h6 Rh3 45. Rc6 e3 46. b6 e2
47. Kf2 f3 48. b7 Ke4 49. Re6+ Kd5 1-0

[Event "FIDE Open World Blitz 2021"]
[Site "Warsaw"]
[Date "2021.12.30"]
[Round "17.3"]
[White "Najer, Evgeniy"]
[Black "Nguyen, Thai Dai Van"]
[Result "1-0"]
[WhiteElo "2654"]
[BlackElo "2594"]
[Annotator "ChessBase"]
[PlyCount "89"]
[EventDate "2021.12.29"]
[EventType "swiss"]
[EventCountry "POL"]
[Tiebreak "Cut1 Buchholz"]
[SourceTitle "playchess.com"]
[Source "ChessBase"]
[SourceQuality "1"]

1. e4 c5 2. Nf3 Nc6 3. Bb5 g6 4. O-O Bg7 5. c3 Nf6 6. Re1 O-O 7. d4 d5 8. e5
Ne4 9. Be3 cxd4 10. cxd4 Qb6 11. Bxc6 Qxc6 12. Nfd2 Be6 13. f3 Nxd2 14. Qxd2
Rfc8 15. Nc3 a5 16. Rac1 Qd7 17. Bh6 a4 18. Ne2 Qb5 19. Bxg7 Kxg7 20. Nf4 Qb6
21. a3 Rc4 22. Ne2 Rac8 23. Rc3 Rxc3 24. Nxc3 Rc4 25. Ne2 Qb3 26. Rc1 b5 27.
Kf2 Bf5 28. Rc3 Qa2 29. g4 Be6 30. Qc1 h6 31. Ke3 Bd7 32. Kd2 Be6 33. Qc2 Bd7
34. Nc1 Qa1 35. Rxc4 bxc4 36. Kc3 Be6 37. Kb4 Bd7 38. Kc5 e6 39. Kd6 Be8 40.
Ke7 Bb5 41. Qd2 Qb1 42. Qf4 Qxb2 43. Qf6+ Kg8 44. Qxf7+ Kh8 45. Kf6 1-0

[Event "FIDE Open World Blitz 2021"]
[Site "Warsaw"]
[Date "2021.12.30"]
[Round "17.4"]
[White "Nepomniachtchi, Ian"]
[Black "Erigaisi Arjun"]
[Result "1/2-1/2"]
[WhiteElo "2782"]
[BlackElo "2627"]
[Annotator "TA"]
[PlyCount "49"]
[EventDate "2021.12.29"]
[EventType "swiss"]
[EventCountry "POL"]
[Tiebreak "Cut1 Buchholz"]
[SourceTitle "playchess.com"]
[Source "ChessBase"]
[SourceQuality "1"]

1. e4 e5 2. f4 exf4 3. Nf3 d5 4. exd5 Nf6 5. Bb5+ Nbd7 6. Nc3 Bd6 7. Qe2+ Qe7
8. d4 a6 9. Qxe7+ Kxe7 10. Bxd7 Bxd7 11. O-O Bf5 12. Rf2 Rae8 13. Nh4 Bg6 14.
Bxf4 Bxf4 15. Nxg6+ hxg6 16. Rxf4 Kd6 17. a4 Re7 18. Raf1 Rf8 19. Rh4 Nxd5 20.
Ne4+ Kd7 21. a5 f6 22. Nc5+ Kc6 23. Nd3 Ne3 24. Rf2 Rfe8 25. b3 1/2-1/2

[Event "FIDE Open World Blitz 2021"]
[Site "Warsaw"]
[Date "2021.12.30"]
[Round "17.4"]
[White "Volokitin, Andrei"]
[Black "Klekowski, Maciej"]
[Result "0-1"]
[WhiteElo "2656"]
[BlackElo "2499"]
[Annotator "ChessBase"]
[PlyCount "54"]
[EventDate "2021.12.29"]
[EventType "swiss"]
[EventCountry "POL"]
[Tiebreak "Cut1 Buchholz"]
[SourceTitle "playchess.com"]
[Source "ChessBase"]
[SourceQuality "1"]

1. e4 c5 2. Nf3 e6 3. d4 cxd4 4. Nxd4 Nc6 5. Nc3 a6 6. Nxc6 bxc6 7. Bd3 d5 8.
O-O Nf6 9. Bf4 Be7 10. Qf3 O-O 11. Rad1 g6 12. b3 Nh5 13. Bh6 Re8 14. Na4 Bg5
15. Bxg5 Qxg5 16. h3 Rb8 17. c4 d4 18. Qg4 Qf6 19. e5 Qxe5 20. Qe4 Qf6 21. Qxc6
Bb7 22. Qc7 Nf4 23. f3 Qg5 24. Rd2 Nxh3+ 25. Kh2 Qxd2 26. Kxh3 Qxd3 27. Nc5
Qxf1 0-1

[Event "FIDE Open World Blitz 2021"]
[Site "Warsaw"]
[Date "2021.12.30"]
[Round "17.5"]
[White "Duda, Jan-Krzysztof"]
[Black "Kravtsiv, Martyn"]
[Result "1-0"]
[WhiteElo "2756"]
[BlackElo "2616"]
[Annotator "ChessBase"]
[PlyCount "117"]
[EventDate "2021.12.29"]
[EventType "swiss"]
[EventCountry "POL"]
[Tiebreak "Cut1 Buchholz"]
[SourceTitle "playchess.com"]
[Source "ChessBase"]
[SourceQuality "1"]

1. Nf3 d5 2. c4 d4 3. b4 c5 4. Bb2 Nf6 5. Na3 e6 6. Nc2 b6 7. g3 Bb7 8. Bg2 Be7
9. Rb1 Nbd7 10. O-O Rb8 11. a3 O-O 12. e3 dxe3 13. fxe3 Rc8 14. Qe2 Qc7 15. d3
Rfd8 16. Ba1 Nf8 17. bxc5 Qxc5 18. Rb5 Qc7 19. Be5 Qd7 20. Bd4 Ng6 21. Ne5 Nxe5
22. Rxe5 Bxg2 23. Qxg2 h6 24. g4 Nh7 25. Rh5 Bf8 26. Ne1 g6 27. Rh3 Ng5 28. Rg3
Bc5 29. Bf6 Re8 30. h4 Nh7 31. Be5 Bd6 32. Nf3 Rc7 33. g5 h5 34. Qh2 Rd8 35.
Rg2 Rb7 36. Rgf2 Bxa3 37. Bd4 Bd6 38. Ne5 Qe8 39. Qg2 Bxe5 40. Qxb7 Rxd4 41.
exd4 Bxd4 42. Kg2 Bxf2 43. Rxf2 e5 44. Qd5 Nf8 45. Rf6 Ne6 46. Qxe5 Qd7 47. Qd5
Qe7 48. Rf2 a5 49. d4 Qc7 50. Qf3 Nxd4 51. Qd5 Ne6 52. Kf1 a4 53. Qa8+ Kg7 54.
Qxa4 Qg3 55. Qd7 Qh3+ 56. Ke1 Qh1+ 57. Kd2 Nf4 58. Qd4+ Kh7 59. Qxf4 1-0

[Event "FIDE Open World Blitz 2021"]
[Site "Warsaw"]
[Date "2021.12.30"]
[Round "17.5"]
[White "Jumabayev, Rinat"]
[Black "Chigaev, Maksim"]
[Result "1-0"]
[WhiteElo "2658"]
[BlackElo "2626"]
[Annotator "ChessBase"]
[PlyCount "43"]
[EventDate "2021.12.29"]
[EventType "swiss"]
[EventCountry "POL"]
[Tiebreak "Cut1 Buchholz"]
[SourceTitle "playchess.com"]
[Source "ChessBase"]
[SourceQuality "1"]

1. d4 g6 2. e4 Bg7 3. Nc3 d6 4. Be3 Nf6 5. Qd2 c6 6. Bh6 Bxh6 7. Qxh6 b5 8. e5
b4 9. exf6 bxc3 10. bxc3 exf6 11. Bc4 d5 12. Bd3 Be6 13. Ne2 Nd7 14. O-O Qe7
15. Nf4 Qf8 16. Qh4 Qd6 17. Bxg6 fxg6 18. Rfe1 Nf8 19. Qxf6 Kd7 20. Qg7+ Qe7
21. Qxh8 Re8 22. Rab1 1-0

[Event "FIDE Open World Blitz 2021"]
[Site "Warsaw"]
[Date "2021.12.30"]
[Round "17.6"]
[White "Giri, Anish"]
[Black "Martirosyan, Haik M."]
[Result "1/2-1/2"]
[WhiteElo "2774"]
[BlackElo "2624"]
[Annotator "TA"]
[PlyCount "110"]
[EventDate "2021.12.29"]
[EventType "swiss"]
[EventCountry "POL"]
[Tiebreak "Cut1 Buchholz"]
[SourceTitle "playchess.com"]
[Source "ChessBase"]
[SourceQuality "1"]

1. Nf3 Nf6 2. c4 e6 3. g3 d5 4. d4 Be7 5. Bg2 O-O 6. O-O dxc4 7. Qc2 a6 8. a4
b6 9. Ne5 Ra7 10. Qxc4 Bb7 11. Bxb7 Rxb7 12. Nd2 c5 13. dxc5 Bxc5 14. Ne4 Be7
15. Bf4 Nd5 16. Rfd1 Qc8 17. Bd2 Rc7 18. Qb3 Nc6 19. Nxc6 Rxc6 20. Rac1 h6 21.
Rxc6 Qxc6 22. Rc1 Qb7 23. Nc3 Nf6 24. Be3 Rb8 25. Rd1 Qc6 26. Bd4 b5 27. axb5
axb5 28. Be5 Rb6 29. Bd4 Rb7 30. Bxf6 Bxf6 31. e3 Qf3 32. Rd2 b4 33. Ne2 Ra7
34. Qd1 Qa8 35. Rc2 Ra1 36. Rc8+ Qxc8 37. Qxa1 Qc2 38. Nd4 Bxd4 39. exd4 b3 40.
h4 Kh7 41. Qa3 Qc4 42. Kg2 Qc2 43. Kg1 Kg6 44. Kg2 h5 45. Kg1 Kh7 46. Kg2 g6
47. Qf8 Qe4+ 48. Kg1 Qf5 49. Kg2 Qd5+ 50. Kg1 Qf5 51. Kg2 Qe4+ 52. Kg1 Qf3 53.
Kf1 Qh1+ 54. Ke2 Qe4+ 55. Kf1 Qf5 1/2-1/2

[Event "FIDE Open World Blitz 2021"]
[Site "Warsaw"]
[Date "2021.12.30"]
[Round "17.6"]
[White "Ponkratov, Pavel"]
[Black "Blohberger, Felix"]
[Result "0-1"]
[WhiteElo "2662"]
[BlackElo "2490"]
[Annotator "ChessBase"]
[PlyCount "134"]
[EventDate "2021.12.29"]
[EventType "swiss"]
[EventCountry "POL"]
[Tiebreak "Cut1 Buchholz"]
[SourceTitle "playchess.com"]
[Source "ChessBase"]
[SourceQuality "1"]

1. g3 d5 2. Nf3 Bg4 3. Bg2 e6 4. h3 Bh5 5. O-O Nf6 6. c4 c6 7. cxd5 Bxf3 8.
Bxf3 cxd5 9. Bg2 Nc6 10. d3 Be7 11. Nc3 O-O 12. e4 dxe4 13. dxe4 Bc5 14. Na4
Bd4 15. Kh2 Qe7 16. Qe2 Rfd8 17. Rb1 Rac8 18. Bd2 h6 19. Rfc1 a6 20. Be3 Bxe3
21. Qxe3 Ne5 22. Nb6 Neg4+ 23. hxg4 Nxg4+ 24. Kg1 Nxe3 25. Nxc8 Qf8 26. Nb6
Nxg2 27. Kxg2 Qb4 28. Nc4 b5 29. a3 Qc5 30. Ne3 Qe5 31. Kf3 Rd4 32. Rc8+ Kh7
33. Rbc1 Qxe4+ 34. Ke2 Qd3+ 35. Kf3 Qe4+ 36. Ke2 Rd7 37. R8c3 g6 38. R1c2 Kg7
39. Rc6 Qd3+ 40. Kf3 a5 41. R2c3 Qd2 42. Rc2 Qd4 43. R6c5 b4 44. axb4 axb4 45.
R5c4 Qd6 46. Rc6 Qb8 47. R6c4 Qb7+ 48. Ke2 h5 49. Rf4 Qb5+ 50. Kf3 Qb7+ 51. Ke2
Qb5+ 52. Kf3 Qb6 53. Ke2 Rd4 54. Nc4 Qa7 55. Rf3 Re4+ 56. Ne3 Qa6+ 57. Ke1 Qd6
58. Rd2 Qe5 59. Kf1 Rd4 60. Rc2 Qd6 61. Kg2 Qd7 62. Kg1 Rd2 63. Rxd2 Qxd2 64.
b3 Qd4 65. Nc4 Qd1+ 66. Kg2 Qd5 67. Ne3 Qe4 0-1

[Event "FIDE Open World Blitz 2021"]
[Site "Warsaw"]
[Date "2021.12.30"]
[Round "17.7"]
[White "Maghsoodloo, Parham"]
[Black "Fedoseev, Vladimir"]
[Result "0-1"]
[WhiteElo "2706"]
[BlackElo "2704"]
[Annotator "ChessBase"]
[PlyCount "88"]
[EventDate "2021.12.29"]
[EventType "swiss"]
[EventCountry "POL"]
[Tiebreak "Cut1 Buchholz"]
[SourceTitle "playchess.com"]
[Source "ChessBase"]
[SourceQuality "1"]

1. c4 e5 2. Nc3 Nc6 3. Nf3 f5 4. d4 e4 5. Nd2 Nf6 6. Nb3 d5 7. c5 Be7 8. Bg5
O-O 9. e3 Ng4 10. Bxe7 Nxe7 11. Be2 c6 12. Qd2 Ng6 13. h3 Nf6 14. h4 Ng4 15. g3
Re8 16. Nc1 f4 17. Bxg4 Bxg4 18. N1e2 fxe3 19. fxe3 Ne7 20. O-O-O Bf3 21. Rhg1
Qd7 22. Rdf1 Qg4 23. Nf4 Nf5 24. Kb1 b6 25. Na4 b5 26. Nc3 a5 27. Ka1 Rf8 28.
Qc1 Rf6 29. Ncxd5 cxd5 30. Nxd5 Rf7 31. c6 Nd6 32. Qc5 Qe6 33. Nb6 Re8 34. d5
Qe7 35. Rc1 Qc7 36. g4 Be2 37. h5 Bc4 38. h6 Rb8 39. Nxc4 bxc4 40. hxg7 Rf2 41.
Rb1 Rb5 42. Qa3 Rxd5 43. g5 Rd3 44. Qc5 Rf5 0-1

[Event "FIDE Open World Blitz 2021"]
[Site "Warsaw"]
[Date "2021.12.30"]
[Round "17.7"]
[White "Mitrabha, Guha"]
[Black "Demchenko, Anton"]
[Result "1-0"]
[WhiteElo "2370"]
[BlackElo "2655"]
[Annotator "ChessBase"]
[PlyCount "157"]
[EventDate "2021.12.29"]
[EventType "swiss"]
[EventCountry "POL"]
[Tiebreak "Cut1 Buchholz"]
[SourceTitle "playchess.com"]
[Source "ChessBase"]
[SourceQuality "1"]

1. d4 Nf6 2. c4 g6 3. g3 Bg7 4. Bg2 O-O 5. Nc3 d6 6. Nf3 Nc6 7. O-O e5 8. dxe5
dxe5 9. Bg5 h6 10. Qxd8 Rxd8 11. Bxf6 Bxf6 12. Nd5 Kg7 13. Nxc7 Rb8 14. e4 Be7
15. Rfd1 Be6 16. Nd5 Bc5 17. Rd2 a5 18. Rad1 a4 19. Bf1 b6 20. Kg2 Rdc8 21. Be2
f6 22. Rc1 Kf7 23. Ne1 Na5 24. Nc2 h5 25. h4 Bf8 26. Nce3 b5 27. Rdc2 b4 28.
Rd2 Nb7 29. Nb6 Rd8 30. Rxd8 Rxd8 31. Nxa4 Ra8 32. b3 Nc5 33. Nxc5 Bxc5 34. Rc2
Rh8 35. Rd2 f5 36. exf5 gxf5 37. Nd5 Kg6 38. Bf3 Rc8 39. Ne3 e4 40. Be2 Ra8 41.
Kf1 Ra7 42. Ng2 Bf7 43. Nf4+ Kh6 44. Ng2 Kg7 45. Ke1 Ra6 46. Bf1 Rf6 47. Nf4
Ra6 48. Bh3 Kf6 49. Ng2 Ke5 50. Ne3 f4 51. gxf4+ Kxf4 52. Nd5+ Ke5 53. Re2 Bg6
54. f4+ Kd6 55. f5 Bf7 56. Nf6 Bd4 57. Nxe4+ Kc7 58. Ng5 Bg8 59. Ne6+ Bxe6 60.
fxe6 Bc3+ 61. Kf1 Ra8 62. Kg2 Kd6 63. e7 Re8 64. Re6+ Kc7 65. Bf5 Bd4 66. Bg6
Kd7 67. Re4 Rxe7 68. Rxd4+ Kc6 69. Be4+ Kc5 70. Rd5+ Kb6 71. Kf3 Rf7+ 72. Ke3
Rf1 73. Rb5+ Ka6 74. Rxh5 Re1+ 75. Kd4 Rd1+ 76. Bd3 Rg1 77. Rg5 Rh1 78. h5 Kb6
79. Rg6+ 1-0

[Event "FIDE Open World Blitz 2021"]
[Site "Warsaw"]
[Date "2021.12.30"]
[Round "17.8"]
[White "Efimenko, Zahar"]
[Black "Dziuba, Marcin"]
[Result "1-0"]
[WhiteElo "2601"]
[BlackElo "2568"]
[Annotator "ChessBase"]
[PlyCount "86"]
[EventDate "2021.12.29"]
[EventType "swiss"]
[EventCountry "POL"]
[Tiebreak "Cut1 Buchholz"]
[SourceTitle "playchess.com"]
[Source "ChessBase"]
[SourceQuality "1"]

1. Nf3 Nf6 2. g3 g6 3. b3 Bg7 4. Bb2 c5 5. c4 O-O 6. Bg2 Nc6 7. O-O d5 8. cxd5
Nxd5 9. Bxg7 Kxg7 10. d4 Qb6 11. e4 Nf6 12. d5 Nd4 13. Nxd4 cxd4 14. Nd2 Bg4
15. f3 d3+ 16. Kh1 Bd7 17. Nc4 Qd4 18. Qd2 Rfc8 19. Rac1 Bb5 20. Qc3 Qxc3 21.
Rxc3 Nd7 22. Rfc1 Bxc4 23. bxc4 Rc5 24. Rxd3 Rac8 25. Rdc3 b5 26. Bf1 Nb6 27.
Kg2 bxc4 28. Kf2 Ra5 29. R1c2 e5 30. dxe6 fxe6 31. f4 g5 32. Bh3 Rc6 33. Bf1
Kf6 34. Rf3 Ke7 35. Rfc3 h6 36. Ke3 Rac5 37. Ra3 Rc7 38. Rac3 gxf4+ 39. gxf4 e5
40. fxe5 Rxe5 41. Kd4 Rec5 42. Bxc4 R5c6 43. Bd5 Rxc3 1-0

[Event "FIDE Open World Blitz 2021"]
[Site "Warsaw"]
[Date "2021.12.30"]
[Round "17.8"]
[White "Sanal, Vahap"]
[Black "Grischuk, Alexander"]
[Result "1/2-1/2"]
[WhiteElo "2590"]
[BlackElo "2773"]
[Annotator "TA"]
[PlyCount "118"]
[EventDate "2021.12.29"]
[EventType "swiss"]
[EventCountry "POL"]
[Tiebreak "Cut1 Buchholz"]
[SourceTitle "playchess.com"]
[Source "ChessBase"]
[SourceQuality "1"]

1. e4 e6 2. d4 d5 3. Nc3 Nf6 4. Bg5 dxe4 5. Nxe4 Be7 6. Bxf6 gxf6 7. Nf3 f5 8.
Nc3 a6 9. g3 b5 10. Bg2 Bb7 11. Qe2 Qd6 12. O-O-O b4 13. Na4 Nd7 14. Rhe1 Bd5
15. b3 O-O 16. Qf1 Rad8 17. Ne5 a5 18. f4 Bf6 19. Kb1 c6 20. Bf3 Qc7 21. g4
fxg4 22. Bxg4 Kh8 23. Qh3 Bg7 24. Be2 Nxe5 25. fxe5 f5 26. Nc5 Qe7 27. Rg1 Bxe5
28. dxe5 Qxc5 29. Qh4 Rd7 30. Rg3 Be4 31. Bd3 Bxd3 32. cxd3 Qxe5 33. Rdg1 f4
34. Qh6 Rdf7 35. Rh3 f3 36. Rf1 Qf6 37. Qe3 f2 38. Rh6 Qf5 39. Rxe6 Rf6 40. Re7
Rd6 41. Kc2 Rdf6 42. Re5 Qf4 43. Qxf4 Rxf4 44. Kd2 Rh4 45. Rxa5 Rxh2 46. Rc5
Rf6 47. Rc4 Rg2 48. Rxb4 Kg7 49. a4 h5 50. a5 c5 51. Ra4 Ra6 52. Ke2 Rg4 53.
Rxg4+ hxg4 54. Rxf2 Rxa5 55. Rf4 Rb5 56. Rxg4+ Kf6 57. Rc4 Rxb3 58. Rxc5 Ke6
59. Rc4 Ke5 1/2-1/2

[Event "FIDE Open World Blitz 2021"]
[Site "Warsaw"]
[Date "2021.12.30"]
[Round "17.9"]
[White "Amin, Bassem"]
[Black "Alekseenko, Kirill"]
[Result "0-1"]
[WhiteElo "2617"]
[BlackElo "2710"]
[Annotator "ChessBase"]
[PlyCount "81"]
[EventDate "2021.12.29"]
[EventType "swiss"]
[EventCountry "POL"]
[Tiebreak "Cut1 Buchholz"]
[SourceTitle "playchess.com"]
[Source "ChessBase"]
[SourceQuality "1"]

1. Nf3 d5 2. g3 b6 3. Bg2 Bb7 4. O-O e6 5. d3 Nf6 6. Nbd2 Be7 7. e4 dxe4 8.
dxe4 O-O 9. e5 Nfd7 10. Re1 c5 11. Qe2 Nc6 12. c3 Qc7 13. h4 a5 14. a4 Ba6 15.
Qe4 Bb7 16. Qf4 f5 17. Nc4 Rae8 18. Ng5 Nd8 19. Bxb7 Qxb7 20. Qf3 Qc7 21. Bf4
h6 22. Nh3 Nf7 23. Rad1 Nb8 24. h5 Nc6 25. Qe2 Rd8 26. Kf1 Rxd1 27. Rxd1 Rd8
28. Rxd8+ Qxd8 29. Ng1 Ng5 30. Bxg5 hxg5 31. Nf3 g4 32. Ne1 Qd5 33. Ng2 Bg5 34.
Nxb6 Qb3 35. Nc4 Qxa4 36. Qd3 Qb5 37. Nf4 Bxf4 38. gxf4 a4 39. Ke2 Kh7 40. Kd2
Ne7 41. Kc2 0-1